Industrial Relations (Record no. 3162)

MARC details
000 -LEADER
fixed length control field 00381nam a22001697a 4500
005 - DATE AND TIME OF LATEST TRANSACTION
control field 20210927120957.0
008 - FIXED-LENGTH DATA ELEMENTS--GENERAL INFORMATION
fixed length control field 160618b xxu||||| |||| 00| 0 eng d
020 ## - INTERNATIONAL STANDARD BOOK NUMBER
ISBN 978-81-8488-404-3
041 ## - LANGUAGE CODE
Language code of text/sound track or separate title eng
082 ## - DEWEY DECIMAL CLASSIFICATION NUMBER
Item number 8220
Classification number 331
100 ## - MAIN ENTRY--AUTHOR NAME
Personal name Sarma,A M
245 ## - TITLE STATEMENT
Title Industrial Relations
260 ## - PUBLICATION, DISTRIBUTION, ETC. (IMPRINT)
Name of publisher HPH
Year of publication 2009
300 ## - PHYSICAL DESCRIPTION
Number of Pages 469
650 ## - SUBJECT ADDED ENTRY--TOPICAL TERM
Topical Term Management
942 ## - ADDED ENTRY ELEMENTS (KOHA)
Koha item type Books
Holdings
Lost status Damaged status Collection code Home library Current library Shelving location Date acquired Cost, normal purchase price Full call number Accession Number Koha item type
    Reference JRU Library   SHELF-72-E 18/06/2016 375.00 331 8220 Books
    MANAGEMENT JRU Library JRU Library SHELF-72-E 18/06/2016 375.00 331 8221 Books
    MANAGEMENT JRU Library JRU Library SHELF-72-E 18/06/2016 375.00 331 8222 Books